=LDR 00000nam 2200000 4500 =001 INLIS000000000024399 =005 20130612123004 =008 ***********************************Eng** =035 ##$$0010-061300000024399 =041 ##$$a Eng =082 ##$$a 510 =090 ##$$a 510, Brum f =100 ##$$a Brumfiel, Chrles =245 ##$$a Foundamental concef of elementary mathematics, Charles F. Brumfiel =260 ##$$a 1970 $b England =300 ##$$a 339 hlm, 23 cm =650 ##$$a foundamental of matematecs =850 ##$$a NBPNMAT